LEADER 00975nam a2200241 i 4500 001 000000212832 003 CaOOAMICUS 005 20231020102440.0 008 120430s1884 fr u000 u fre u 040 $aSeMil$bita 100 1 $aZola, Émile,$d<1840-1902>.$0(OLS)http://semarc/name/8824 245 13$aLa joie de vivre /$cpar Émile Zola. 250 $a22. mille. 260 $aParis :$bG. Charpentier et C.,$c1884. 300 $a447 p. ;$c18 cm. 490 0 $aBibliothèque Charpentier 773 0 $aZola, Émile <1840-1902>$tRougon-Macquart.$dParis : Charpentier, [187?]$kBibliothèque Charpentier$w()26091 830 0$aBibliothèque Charpentier.$0(OLS)http://semarc/title/35188 850 $aSeMil 852 $aSeMil$W1$xVenegono$y1$m1W VI 110 FA$j163262$B163262$CSeMilBibl$Z2$F174375 $8I 996 $6245$aLa joie de vivre$9(OLS)http://semarc/title/307121 996 $6260$aParis :$bG. Charpentier et C.$9(OLS)http://semarc/publisher/52707 LEADER 01075nam a2200229 i 4500 001 000000059689 003 CaOOAMICUS 005 20140321000000.0 008 140321s1966 it u000 u ita u 013 $a30861 040 $aSeMil$bita 100 1 $aTeilhard de Chardin, Pierre .$0(OLS)http://semarc/name/4251 240 10$aLettres d'Égypte : 1905-1908.$0(OLS)http://semarc/title/93300 245 10$aLettere dall'Egitto :$b1905-1908 /$cPierre Teilhard de Chardin ; introduzione di Henri de Lubac. 260 $aBrescia :$bMorcelliana,$c1966. 300 $a269 p., [2] c. di tav. :$bill. ;$c22 cm. 650 4$aTeilhard de Chardin, Pierre - Lettere e carteggi.$0(OLS)http://semarc/subject/8247 700 1 $aLubac, Henri : de,$c.$0(OLS)http://semarc/name/49 850 $aSeMil 852 $aSeMil$W1$xVenegono$y1$m2K VII 33$j25842$B25842$CSeMilBibl$Z2$F25845 $81 996 $6245$aLettere dall'Egitto :$b1905-1908$9(OLS)http://semarc/title/93299 996 $6260$aBrescia :$bMorcelliana$9(OLS)http://semarc/publisher/29629